| 000 | 01066cam a22002891a 4500 | ||
|---|---|---|---|
| 001 | agr64000468 | ||
| 003 | DLC | ||
| 005 | 20260227111023.0 | ||
| 008 | 831107s1964 dcubd f000 0 eng | ||
| 010 | _aagr64000468 | ||
| 035 | _a(OCoLC)10104191 | ||
| 040 |
_aDLC _cIMolD _dDNAL _dDLC |
||
| 042 | _apremarc | ||
| 050 | 0 | 0 |
_aS21 _b.A46 no. 705 1964 |
| 070 | 0 |
_a1 _bAg84M no.705 1964 |
|
| 072 | 0 |
_aE100 _aE130 |
|
| 100 | 1 |
_aGuidry, Nelson P. _q(Nelson Philip), _d1916- |
|
| 245 | 1 | 2 |
_aA graphic summary of world agriculture / _c[by Nelson P. Guidry]. |
| 250 | _aRev. Sept. 1964. | ||
| 260 |
_aWashington, D.C. : _bU.S. Dept. of Agriculture, Economic Research Service, Regional Analysis Division, _c1964. |
||
| 300 |
_a64 p. : _bcharts, maps ; _c23 cm. |
||
| 490 | 1 |
_aMiscellaneous publication / United States Department of Agriculture ; _vno. 705 |
|
| 500 | _aEarlier ed. by R.G. Hainsworth. | ||
| 650 | 0 | _aFood supply. | |
| 650 | 0 |
_aAgriculture _xEconomic aspects. |
|
| 830 | 0 |
_aMiscellaneous publication (United States. Department of Agriculture) ; _vno. 705. |
|
| 999 |
_c11965 _d11965 |
||